Clasificación y colorido en los mapas geológicos / (Record no. 49215)

MARC details
000 -LEADER
campo de control de longitud fija 00399nam a2200133 i 4500
001 - NÚMERO DE CONTROL
campo de control 49215
003 - IDENTIFICADOR DE NÚMERO DE CONTROL
campo de control ES-MaACL
007 - CAMPO FIJO DE DESCRIPCIÓN FÍSICA--INFORMACIÓN GENERAL
campo de control de longitud fija t|
008 - DATOS DE LONGITUD FIJA--INFORMACIÓN GENERAL
campo de control de longitud fija 030710s1882 sp ||||1| spa d
100 1# - ENTRADA PRINCIPAL--NOMBRE DE PERSONA
Nombre de persona Cortázar y Larrubia, Daniel de.
9 (RLIN) 40829
245 10 - MENCIÓN DEL TÍTULO
Título Clasificación y colorido en los mapas geológicos /
Mención de responsabilidad, etc. Daniel de Cortázar y Larrubia.
260 ## - PUBLICACIÓN, DISTRIBUCIÓN, ETC.
Lugar de publicación, distribución, etc. Madrid :
Nombre del editor, distribuidor, etc. Tello,
Fecha de publicación, distribución, etc. 1882.
852 ## - LOCALIZACIÓN
Ubicación ES-MaACL
Número de control de estantería T-515-F-5
Holdings
Estatus retirado Estado de pérdida Estado de daño No para préstamo Colección Biblioteca de origen Biblioteca actual Ubicación en estantería Fecha de adquisición Fuente de adquisición Total de préstamos Signatura topográfica completa Código de barras Visto por última vez Precio de reemplazo Tipo de ítem Koha
        Colección de folletos Biblioteca del Ateneo de Madrid Biblioteca del Ateneo de Madrid Depósito folletos 17/01/2008     T-515-F-5 1051790 23/02/2023 23/02/2023 Folleto